| Tag |
First Indicator |
Second Indicator |
Subfields |
| LEADER |
00000cam a2200000 4500 |
| 001 |
in00000094429 |
| 005 |
20150927110445.0 |
| 008 |
700915s1970 nyu 00010 eng |
| 010 |
|
|
|a 72102297
|
| 035 |
|
|
|a (OCoLC)00091870
|
| 035 |
|
|
|9 AAL6294AM
|
| 037 |
|
|
|c 6.95
|
| 040 |
|
|
|a DLC
|c DLC
|d TXA
|d UtOrBLW
|
| 049 |
|
|
|a TXAM
|c [532778]
|
| 050 |
0 |
0 |
|a TX147
|b .S55 1970
|
| 082 |
0 |
|
|a 640
|
| 100 |
1 |
|
|a Skelsey, Alice Fulton,
|d 1926-
|
| 245 |
1 |
4 |
|a The working mother's guide to her home, her family, and herself /
|c [by] Alice Skelsey.
|
| 264 |
|
1 |
|a New York :
|b Random House,
|c [1970]
|
| 300 |
|
|
|a 246 pages ;
|c 22 cm.
|
| 336 |
|
|
|a text
|b txt
|2 rdacontent
|
| 337 |
|
|
|a unmediated
|b n
|2 rdamedia
|
| 338 |
|
|
|a volume
|b nc
|2 rdacarrier
|
| 650 |
|
0 |
|a Home economics.
|
| 650 |
|
0 |
|a Mothers
|x Employment.
|
| 999 |
|
|
|a MARS
|
| 999 |
f |
f |
|s c8e9d209-c4de-3f43-8555-acc09fa6cd1c
|i 8155e931-e570-382c-95ab-b2a3e69167f0
|t 0
|
| 952 |
f |
f |
|p normal
|a Texas A&M University
|b College Station
|c Sterling C. Evans Library
|d Evans: Library Stacks
|t 0
|e TX147 .S55 1970
|h Library of Congress classification
|i unmediated -- volume
|m A14805668525
|
| 998 |
f |
f |
|a TX147 .S55 1970
|t 0
|l Evans: Library Stacks
|